000 00485nam a2200169Ia 4500
999 _c3071
_d3071
003 OSt
005 20200821101331.0
008 190216s9999||||xx |||||||||||||| ||und||
040 _coclc
082 _a541.38
_bARO/N
100 _aArora, M G
_94244
245 0 _aNuclear Chemistry /
_cM G Arora ; M Singh
260 _bAnmol Publications,
_c1994.
_aNew Delhi:
300 _a467p
650 _aChemistry-Chemistry
942 _cBK
_2ddc
_h541.38
_iARO/N
_k541.38
_mARO/N